Chinnovation:How Chinese innovators are changing the World (Record no. 2195)

MARC details
000 -LEADER
fixed length control field 00388nam a2200145Ia 4500
008 - FIXED-LENGTH DATA ELEMENTS--GENERAL INFORMATION
fixed length control field 130318s9999 xx 000 0 und d
020 ## - INTERNATIONAL STANDARD BOOK NUMBER
International Standard Book Number 9780470827963
082 ## - DEWEY DECIMAL CLASSIFICATION NUMBER
Classification number 658.40630931 TAN/C
100 ## - MAIN ENTRY--PERSONAL NAME
Personal name Tan, Yinglan
245 ## - TITLE STATEMENT
Title Chinnovation:How Chinese innovators are changing the World
260 ## - PUBLICATION, DISTRIBUTION, ETC.
Name of publisher, distributor, etc. Wiley
Place of publication, distribution, etc. Singapore
Date of publication, distribution, etc. 2011
300 ## - PHYSICAL DESCRIPTION
Extent 298
650 ## - SUBJECT ADDED ENTRY--TOPICAL TERM
Topical term or geographic name entry element INNOVATION
650 ## - SUBJECT ADDED ENTRY--TOPICAL TERM
Topical term or geographic name entry element MANAGEMENT
Holdings
Withdrawn status Lost status Damaged status Not for loan Collection code Home library Current library Shelving location Date acquired Cost, normal purchase price Total Checkouts Full call number Barcode Date last seen Date last checked out Price effective from Koha item type
        Business Process Engineering Kerala University of Digital Sciences, Innovation and Technology Knowledge Centre Kerala University of Digital Sciences, Innovation and Technology Knowledge Centre Management 18/03/2013 1215.00 2 658.40630931 TAN/C 2212 11/04/2025 20/02/2020 18/03/2013 Books